| 000 | 00392nam a22001457a 4500 | ||
|---|---|---|---|
| 003 | OSt | ||
| 005 | 20160727222343.0 | ||
| 008 | 160620b xxu||||| |||| 00| 0 eng d | ||
| 040 | _cTest | ||
| 100 |
_9158 _aCreative _cSamson and Delilah: Bible Story |
||
| 245 |
_aSamson and Delilah _bBible Story |
||
| 260 |
_aCanada _bCreative _c2003 |
||
| 300 | _aSamson and Delilah: Bible Story | ||
| 942 |
_2ddc _cBK |
||
| 999 |
_c129 _d129 |
||